| 000 | 01108nam a22002417a 4500 | ||
|---|---|---|---|
| 999 |
_c3403 _d3403 |
||
| 003 | AR-CdUCM | ||
| 008 | 190306b ||||| |||| 00| 0 spa d | ||
| 040 |
_aMUNICIPALIDAD PROVINCIAL DEL CUSCO _cBIBLIOTECA MUNICIPAL DEL CUSCO |
||
| 041 | _heng | ||
| 082 |
_a813.09 / _bM31 |
||
| 100 |
_aMaxwell, Desmond Ernest Stewart _911233 |
||
| 245 |
_aLa novela norteamericana : _bsu fondo intelectual / |
||
| 260 |
_aMéxico : _bPax-México, _c1967. |
||
| 300 |
_aVII, 298 páginas ; _c22 cm. |
||
| 505 | _aContenido: Iniciación poética -- Poe y el experimento romántico -- Lo político y lo pastoral en Cooper -- La fase trágica: Melville y Hawthorne -- Twain como satírico -- Edith Whartoon y los realistas -- La moderna literatura norteamericana de ficción y su herencia ... | ||
| 650 |
_aNarrativa estadounidense _911234 |
||
| 650 |
_aLiteratura norteamericana - Historia _911235 |
||
| 650 |
_aLiteratura norteamericana - Crítica _911236 |
||
| 650 |
_aEvolución de la literatura norteamericana _911237 |
||
| 700 |
_aMireles, Rafael (Traductor) _911238 |
||
| 942 |
_2ddc _cLIBROS |
||
| 945 | _alccs | ||